Visualizzazione normale
Vista MARC
- Morricone Ennio
di Personal Name
Records bibliografici associati: 1
001 - CONTROL NUMBER
- control field: 5330
003 - CONTROL NUMBER IDENTIFIER
- control field: IT-RoPau
005 - DATE AND TIME OF LATEST TRANSACTION
- control field: 20131214224742.0
008 - FIXED-LENGTH DATA ELEMENTS
- fixed length control field: 131214|| aca||aabn | a|a d
040 ## - CATALOGING SOURCE
- Original cataloging agency: IT-RoPau
- Transcribing agency: IT-RoPau
100 ## - HEADING--PERSONAL NAME
- Personal name: Morricone Ennio
- Dates associated with a name: Codice autore musica SPICS: 3535
- Relator term: Autore musica
- Name of part/section of a work: Tema di Cristine - Ardenne's Theme Marcia
670 ## - SOURCE DATA FOUND
- Source citation: Work cat.: (IT-RoPau)99551: AA.VV. 794, Sogni della musica (I)-Colonne sonore originali (Lp 001)